Teoría microeconómica (Registro nro. 4904)

Detalles MARC
000 -LEADER
fixed length control field 02089 a2200241 4500
001 - CONTROL NUMBER
control field 49890
005 - DATE AND TIME OF LATEST TRANSACTION
control field 20260407155759.0
008 - FIXED-LENGTH DATA ELEMENTS--GENERAL INFORMATION
fixed length control field 260407a2004 arg spa d
003 - CONTROL NUMBER IDENTIFIER
control field AR-UNSa-BCEJYS
040 ## - CATALOGING SOURCE
Original cataloging agency AR-UNSa-BCEJYS
Language of cataloging spa
Transcribing agency AR-UNSa-BCEJYS
080 ## - UNIVERSAL DECIMAL CLASSIFICATION NUMBER
Universal Decimal Classification number 330.101.542
Common auxiliary subdivision Microeconomía
020 ## - INTERNATIONAL STANDARD BOOK NUMBER
International Standard Book Number 978-84-9732-249-2
041 ## - LANGUAGE CODE
Language code of text/sound track or separate title spa
100 1# - MAIN ENTRY--PERSONAL NAME
Personal name Nicholson, Walter
245 10 - TITLE STATEMENT
Title Teoría microeconómica
Name of part/section of a work principios básicos y ampliaciones
250 ## - EDITION STATEMENT
Edition statement 8a. ed.
264 #1 - PRODUCTION, PUBLICATION, DISTRIBUTION, MANUFACTURE, AND COPYRIGHT NOTICE
Place of production, publication, distribution, manufacture Madrid :
Name of producer, publisher, distributor, manufacturer Thomson
Date of production, publication, distribution, manufacture, or copyright notice 2004
300 ## - PHYSICAL DESCRIPTION
Extent xvi, 761 p.
Dimensions 26 cm.
505 ## - FORMATTED CONTENTS NOTE
Formatted contents note Parte I: INTRODUCCIÓN: 1. Modelos Económicos – 2. Las matemáticas de la optimización – – Parte II: Elección y demanda: 3. Preferencias y utilidad – 4. Maximización de la utilidad y elección – 5. Efecto rentas y sustitución – 6. Relaciones de demanda entre bienes – 7. Demanda de mercado y elasticidad – – Parte III: ELECCIÓN EN CONDICIONES DE INCERTIDUMBRE: 8. Utilidad esperada y aversión al riesgo – 9. La economía de la información – 10. Teoría de juegos y equilibrio estratégico – – Parte IV: PRODUCCIÓN Y OFERTA: 11. Funciones de producción – 12. Costes – 13. Maximización del beneficio y oferta – – Parte V: COMPETENCIA PERFECTA: 14. El modelo de equilibrio parcial competitivo – 15. Análisis competitivo aplicado – 16. Equilibrio general competitivo – 17. La eficiencia de la competencia perfecta – – Parte VI: MODELOS DE COMPETENCIA IMPERFECTA: 18. Modelos de monopolio – 19. Modelos tradicionales de competencia imperfecta – 20. Modelos de fijación de precios según la teoría de juegos – – Parte VII: FIJACIÓN DE PRECIOS EN LOS MERCADOS DE FACTORES: 21. Demandas de factores por parte de las empresas – 22. Oferta de trabajo – 23. Capital – – Parte VIII: LÍMITES DEL MERCADO: 24. Externalidades y bienes públicos – 25. Economía política.<br/><br/>
590 ## - LOCAL NOTE (RLIN)
Local note niveau_biblio:m niveau_hierar:0
856 41 - ELECTRONIC LOCATION AND ACCESS
Uniform Resource Identifier <a href="https://www.biblioeco.unsa.edu.ar/pmb/images/libros/L128214.jpg">https://www.biblioeco.unsa.edu.ar/pmb/images/libros/L128214.jpg</a>
Link text Imagen de portada
Electronic format type image/jpeg
942 ## - ADDED ENTRY ELEMENTS (KOHA)
Koha item type
Existencias
Withdrawn status Lost status Damaged status Not for loan Home library Current library Shelving location Date acquired Total checkouts Full call number Barcode Date last seen Price effective from Koha item type
        Biblioteca Prof. Eusebio Cleto del Rey Biblioteca Prof. Eusebio Cleto del Rey   07/04/2026   330.101.542 N594 8ed. L128214 07/04/2026 07/04/2026 Libro